000 01465cam a22003015a 4500
001 ##L131818
002 ##9015
008 051209s2006 xxk 000 0 eng u
020 _a0415260566
035 _a(Sirsi) u131818
041 0 _aeng
050 0 4 _a658.404 $2 18
100 1 _aLoosemore, Martin
245 0 0 _aRisk management in projects
250 _a2nd ed.
260 _aAbingdon
_bTaylor and Francis
_c2006
300 _axviii, 260p.
_bdiagrams, tables
_c24cm.
350 _a19.99
505 2 _aRisk and uncertainty in projects -- Risk and opportunity identification -- Risk and opportunity analysis -- Perceptions of risk -- Risk response, crisis management and recovery -- Developing and implementing a successful risk and opportunity management system.
520 _aThe new edition of this book covers the entire risk management process and provides a fuller presentation of how risk is perceived by the general public. It includes two new chapters on risk identification and risk response, whilst the chapters on risk analysis have been completely reorganised. Increased attention is paid to the theory underlying the principles of risk management.
520 _aSupersedes "Risk analysis in project management", (ISBN 0419184201).
590 _aIKA170106
690 _aMANAGEMENT-HEALTH AND SAFETY-HEALTH AND SAFETY RISK MANAGEMENT
700 1 _aRaftery, John
700 1 _aReilly, Charlie
700 1 _aHiggon, Dave
942 _n0
999 _c104853
_d104853